[Event "19. Obert Int. Sant Marti 2017 - B"]
[Site "Barcelona ESP"]
[Date "2017.07.20"]
[Round "8.12"]
[White "Aguilera Campana, Antonio"]
[Black "Low, Kevin"]
[Result "1/2-1/2"]
[WhiteElo "1674"]
[BlackElo "1843"]
[PlyCount "88"]
[EventDate "2017.07.13"]
[EventType "swiss"]
[EventRounds "9"]
[EventCountry "ESP"]
[SourceTitle "Ajedrez en Madrid"]
[Source "lmi"]
[SourceDate "2017.07.13"]
[SourceVersion "1"]
[SourceVersionDate "2019.06.21"]
[SourceQuality "1"]

1. e4 c5 2. f4 d5 3. e5 Nc6 4. c3 Bf5 5. Nf3 e6 6. Bb5 Be7 7. O-O h5 8. d4 Nh6
9. h3 a6 10. Bxc6+ bxc6 11. Kh2 h4 12. Be3 c4 13. Nbd2 O-O 14. Qe1 Bd3 15. Rg1
Nf5 16. Bf2 g6 17. Nf1 Kg7 18. Ne3 Nxe3 19. Qxe3 Bf5 20. b3 cxb3 21. axb3 Rh8
22. c4 Qb6 23. c5 Qb5 24. Ra3 Qd3 25. b4 Qb5 26. Rga1 Qxb4 27. Rxa6 Rxa6 28.
Rxa6 Qb5 29. Rb6 Qa4 30. Rb7 Bd8 31. Qb3 Qa6 32. Rd7 Qf1 33. Qe3 Be4 34. Qe1
Qxe1 35. Nxe1 Ba5 36. Nf3 Bxf3 37. gxf3 Bd2 38. Rc7 Bxf4+ 39. Kg2 g5 40. Rxc6
Ra8 41. Rb6 Ra2 42. Kf1 Ra1+ 43. Kg2 Ra2 44. Kf1 Ra1+ 1/2-1/2

[Event "19. Obert Int. Sant Marti 2017 - B"]
[Site "Barcelona ESP"]
[Date "2017.07.20"]
[Round "8.13"]
[White "Aarav, Dengla"]
[Black "Siludakis, Hernan"]
[Result "0-1"]
[WhiteElo "1177"]
[BlackElo "1874"]
[PlyCount "146"]
[EventDate "2017.07.13"]
[EventType "swiss"]
[EventRounds "9"]
[EventCountry "ESP"]
[SourceTitle "Ajedrez en Madrid"]
[Source "lmi"]
[SourceDate "2017.07.13"]
[SourceVersion "1"]
[SourceVersionDate "2019.06.21"]
[SourceQuality "1"]

1. e4 c5 2. Nc3 Nc6 3. f4 g6 4. Nf3 Bg7 5. Bb5 Nd4 6. O-O a6 7. Be2 e6 8. d3
Ne7 9. Be3 Nec6 10. e5 d5 11. Bxd4 cxd4 12. Nb1 Qb6 13. Qc1 Bd7 14. Nbd2 Rc8
15. Nb3 Nb4 16. Ne1 a5 17. Qb1 Rc7 18. Nc1 O-O 19. a3 Nc6 20. b3 Rfc8 21. Bd1
h5 22. Nf3 Na7 23. Qb2 Nb5 24. Ne2 Nc3 25. Rc1 Bf8 26. Kh1 Nb5 27. Ra1 Bc5 28.
b4 axb4 29. axb4 Nc3 30. Nxc3 dxc3 31. Qxc3 Bxb4 32. Qb2 Qc5 33. Rb1 Bc3 34.
Qb6 Qxb6 35. Rxb6 Ba5 36. Rb1 Ba4 37. Ra1 b5 38. c4 Bxd1 39. Rfxd1 Bc3 40. Rac1
b4 41. cxd5 exd5 42. d4 b3 43. Rb1 b2 44. h3 Ra8 45. Kh2 Ra1 46. Ne1 Bxd4 47.
Nd3 Rca7 48. Nxb2 Bxb2 49. Rxa1 Rxa1 50. Rxd5 Bc1 51. Rd8+ Kg7 52. g3 h4 53.
Rd1 Ra2+ 54. Kh1 Bd2 55. gxh4 Rc2 56. Rf1 Rc1 57. Rxc1 Bxc1 58. f5 gxf5 59. Kg2
Bb2 60. Kf3 Bxe5 61. h5 Kh6 62. h4 Kxh5 63. Ke3 Kxh4 64. Kf3 Kh3 65. Ke3 Kg3
66. Ke2 Kg2 67. Ke3 f4+ 68. Ke2 f3+ 69. Kd2 f2 70. Ke2 f1=Q+ 71. Kd2 Qf3 72.
Kc1 Qe2 73. Kb1 Qb2# 0-1

[Event "19. Obert Int. Sant Marti 2017 - B"]
[Site "Barcelona ESP"]
[Date "2017.07.20"]
[Round "8.14"]
[White "Arribas Alvarez, Marti"]
[Black "Morais Carreras, Javier"]
[Result "1/2-1/2"]
[WhiteElo "1781"]
[BlackElo "1925"]
[PlyCount "90"]
[EventDate "2017.07.13"]
[EventType "swiss"]
[EventRounds "9"]
[EventCountry "ESP"]
[SourceTitle "Ajedrez en Madrid"]
[Source "lmi"]
[SourceDate "2017.07.13"]
[SourceVersion "1"]
[SourceVersionDate "2019.06.21"]
[SourceQuality "1"]

1. d4 d5 2. e3 Nf6 3. Bd3 e6 4. Nd2 c5 5. c3 Nc6 6. f4 Bd6 7. Ngf3 cxd4 8. cxd4
Bd7 9. a3 Rc8 10. O-O Na5 11. Ne5 b5 12. b4 Nc4 13. Nb3 Rc7 14. Nc5 Bxc5 15.
bxc5 Bc8 16. a4 bxa4 17. Bxc4 dxc4 18. Qxa4+ Bd7 19. c6 Bc8 20. Ba3 Ne4 21. Bb4
f6 22. Nxc4 Qd5 23. Na5 Ba6 24. Rfc1 Kf7 25. Qa2 Rb8 26. Qxd5 exd5 27. Be1 Nd6
28. Rc5 Bc4 29. Nxc4 Nxc4 30. Ba5 Nxa5 31. Raxa5 Rb2 32. h3 Re2 33. Rxd5 Rxe3
34. Rdc5 Ke7 35. Rxa7 Rxa7 36. c7 Ra8 37. c8=Q Rxc8 38. Rxc8 Re4 39. Rc7+ Kf8
40. g3 Rxd4 41. Kf2 Rd3 42. Rb7 h6 43. h4 Kg8 44. h5 Rd5 45. g4 Ra5 1/2-1/2

[Event "19. Obert Int. Sant Marti 2017 - B"]
[Site "Barcelona ESP"]
[Date "2017.07.20"]
[Round "8.15"]
[White "Minos Constante, Pablo"]
[Black "Corominas Garrido, Jordi"]
[Result "1-0"]
[WhiteElo "1742"]
[BlackElo "1864"]
[PlyCount "31"]
[EventDate "2017.07.13"]
[EventType "swiss"]
[EventRounds "9"]
[EventCountry "ESP"]
[SourceTitle "Ajedrez en Madrid"]
[Source "lmi"]
[SourceDate "2017.07.13"]
[SourceVersion "1"]
[SourceVersionDate "2019.06.21"]
[SourceQuality "1"]

1. e4 e6 2. d4 d5 3. Bd3 dxe4 4. Bxe4 Nf6 5. Bf3 c5 6. Ne2 Nc6 7. Be3 Qb6 8.
Nbc3 Bd7 9. O-O cxd4 10. Nxd4 Qxb2 11. Ndb5 Nb4 12. Rb1 Qxc2 13. Qxc2 Nxc2 14.
Nc7+ Kd8 15. Nxa8 Nxe3 16. fxe3 1-0

[Event "19. Obert Int. Sant Marti 2017 - B"]
[Site "Barcelona ESP"]
[Date "2017.07.20"]
[Round "8.16"]
[White "Moreno Perez, Norberto"]
[Black "Nilesh, Jindal"]
[Result "1/2-1/2"]
[WhiteElo "1851"]
[BlackElo "1722"]
[PlyCount "108"]
[EventDate "2017.07.13"]
[EventType "swiss"]
[EventRounds "9"]
[EventCountry "ESP"]
[SourceTitle "Ajedrez en Madrid"]
[Source "lmi"]
[SourceDate "2017.07.13"]
[SourceVersion "1"]
[SourceVersionDate "2019.06.21"]
[SourceQuality "1"]

1. e4 e6 2. Nf3 d5 3. exd5 exd5 4. d4 Nc6 5. c3 Bd6 6. Qb3 Nge7 7. c4 Na5 8.
Qa4+ c6 9. cxd5 Nxd5 10. Bd2 b6 11. Bxa5 bxa5 12. Qxc6+ Qd7 13. Bb5 Kd8 14. O-O
Rb8 15. Qxd7+ Bxd7 16. Bxd7 Kxd7 17. Nc3 Nxc3 18. bxc3 Rhc8 19. Rfc1 Ba3 20.
Rc2 Bb2 21. Rb1 Bxc3 22. Rxb8 Rxb8 23. g3 Ba1 24. Rc1 Bb2 25. Ne5+ Ke6 26. Rb1
a4 27. Nc4 Rb4 28. Nxb2 Kd5 29. a3 Rb3 30. Kg2 a5 31. Nxa4 Rxb1 32. Nc3+ Kxd4
33. Nxb1 Kd3 34. a4 Kc2 35. Na3+ Kb3 36. Nb5 Kxa4 37. Nd4 Kb4 38. Kf3 a4 39.
Ke4 Kc4 40. Nc2 Kb3 41. Kd3 h5 42. h4 a3 43. Nxa3 Kxa3 44. Ke4 Kb4 45. Kf5 Kc4
46. Kg5 Kd3 47. Kxh5 Ke2 48. Kg5 Kxf2 49. g4 Kg3 50. h5 Kh3 51. Kf5 Kh4 52. Kf4
f6 53. Kf5 Kg3 54. g5 fxg5 1/2-1/2

[Event "19. Obert Int. Sant Marti 2017 - B"]
[Site "Barcelona ESP"]
[Date "2017.07.20"]
[Round "8.19"]
[White "Vives Cabau, Jordi"]
[Black "Franzoni Ladron De Guevara, Enric"]
[Result "1-0"]
[WhiteElo "1930"]
[BlackElo "1764"]
[PlyCount "81"]
[EventDate "2017.07.13"]
[EventType "swiss"]
[EventRounds "9"]
[EventCountry "ESP"]
[SourceTitle "Ajedrez en Madrid"]
[Source "lmi"]
[SourceDate "2017.07.13"]
[SourceVersion "1"]
[SourceVersionDate "2019.06.21"]
[SourceQuality "1"]

1. e4 c5 2. c3 g6 3. d4 cxd4 4. cxd4 Bg7 5. Bc4 Nc6 6. Ne2 e6 7. Nbc3 Nge7 8.
d5 Na5 9. Bd3 exd5 10. exd5 b6 11. O-O d6 12. Bg5 O-O 13. b4 Nb7 14. Ba6 f6 15.
Bf4 g5 16. Bd2 Ng6 17. f4 Rf7 18. fxg5 Ne5 19. gxf6 Bxf6 20. Qb3 Na5 21. bxa5
Bxa6 22. axb6 Rb8 23. Rf5 Rxb6 24. Qd1 Bd3 25. Rf2 Nc4 26. Nf4 Bd4 27. Nxd3 Kh8
28. Ne2 Bxf2+ 29. Nxf2 Nxd2 30. Qxd2 Rxf2 31. Kxf2 Qf6+ 32. Qf4 Qe7 33. Rc1 Rb8
34. Qd4+ Kg8 35. Qg4+ Kh8 36. Rc8+ Rxc8 37. Qxc8+ Kg7 38. Qg4+ Kh8 39. Qf4 Kg7
40. Nd4 Kh8 41. Ne6 1-0

[Event "19. Obert Int. Sant Marti 2017 - B"]
[Site "Barcelona ESP"]
[Date "2017.07.20"]
[Round "8.20"]
[White "Calafell Marques, Jose"]
[Black "Gallego Montes, Antoni"]
[Result "0-1"]
[WhiteElo "1762"]
[BlackElo "1908"]
[PlyCount "94"]
[EventDate "2017.07.13"]
[EventType "swiss"]
[EventRounds "9"]
[EventCountry "ESP"]
[SourceTitle "Ajedrez en Madrid"]
[Source "lmi"]
[SourceDate "2017.07.13"]
[SourceVersion "1"]
[SourceVersionDate "2019.06.21"]
[SourceQuality "1"]

1. e4 d5 2. exd5 Qxd5 3. Nc3 Qa5 4. d4 Nf6 5. Bd2 Qb6 6. Nf3 Bg4 7. Be2 a6 8.
Na4 Qc6 9. b3 Nbd7 10. c4 e6 11. Nc3 O-O-O 12. O-O h6 13. a3 g5 14. b4 Bxf3 15.
gxf3 g4 16. b5 Qd6 17. bxa6 Qxa6 18. c5 Qa8 19. Rc1 h5 20. Nb5 c6 21. Nd6+ Bxd6
22. cxd6 Nd5 23. Rc4 N7b6 24. Rc5 Kd7 25. f4 Qxa3 26. Ra5 Qxd6 27. f5 Ra8 28.
fxe6+ fxe6 29. Rxa8 Rxa8 30. Qb1 Rh8 31. f4 gxf3 32. Rxf3 Rg8+ 33. Kh1 Kc8 34.
Qh7 Rf8 35. Qxh5 Rxf3 36. Qe8+ Kc7 37. Bxf3 Nc4 38. Be1 Qe7 39. Qxe7+ Nxe7 40.
Be2 Ne3 41. Bf2 N7f5 42. Bd3 Kd6 43. h4 Ng4 44. Bg1 Nxh4 45. Be4 b5 46. Bh2+
Nxh2 47. Kxh2 Nf5 0-1

[Event "19. Obert Int. Sant Marti 2017 - B"]
[Site "Barcelona ESP"]
[Date "2017.07.20"]
[Round "8.21"]
[White "Gonzalez Moreno, Antoni"]
[Black "Muhammad, Qasim"]
[Result "1-0"]
[WhiteElo "1734"]
[BlackElo "1899"]
[PlyCount "63"]
[EventDate "2017.07.13"]
[EventType "swiss"]
[EventRounds "9"]
[EventCountry "ESP"]
[SourceTitle "Ajedrez en Madrid"]
[Source "lmi"]
[SourceDate "2017.07.13"]
[SourceVersion "1"]
[SourceVersionDate "2019.06.21"]
[SourceQuality "1"]

1. c4 Nf6 2. Nc3 e5 3. g3 d5 4. cxd5 Nxd5 5. Bg2 Nb6 6. e3 Nc6 7. a3 a5 8. b3
Be7 9. Qc2 Be6 10. Nge2 Qd7 11. Bb2 f6 12. d4 exd4 13. exd4 Nxd4 14. Nxd4 Qxd4
15. O-O Qc5 16. Rfe1 Bd5 17. Qf5 Rd8 18. Rac1 g6 19. Qf4 Bxg2 20. Kxg2 Qd6 21.
Qe3 Kf7 22. Kg1 Rhe8 23. Nb5 Qd2 24. Qe6+ Kf8 25. Rxc7 Nd5 26. Bxf6 Nxc7 27.
Bxe7+ Kg7 28. Nxc7 Rf8 29. Bxf8+ Rxf8 30. Ne8+ Kh6 31. Qh3+ Kg5 32. Re5+ 1-0

[Event "19. Obert Int. Sant Marti 2017 - B"]
[Site "Barcelona ESP"]
[Date "2017.07.20"]
[Round "8.22"]
[White "Ramos Alvarez, Maximo"]
[Black "David, Dorian-Ciprian"]
[Result "1-0"]
[WhiteElo "1865"]
[BlackElo "1768"]
[PlyCount "111"]
[EventDate "2017.07.13"]
[EventType "swiss"]
[EventRounds "9"]
[EventCountry "ESP"]
[SourceTitle "Ajedrez en Madrid"]
[Source "lmi"]
[SourceDate "2017.07.13"]
[SourceVersion "1"]
[SourceVersionDate "2019.06.21"]
[SourceQuality "1"]

1. e4 a6 2. d4 b5 3. Nf3 Bb7 4. Bd3 e6 5. a4 b4 6. O-O Nf6 7. Re1 c5 8. d5 Qc7
9. b3 e5 10. Nbd2 d6 11. Nc4 Nbd7 12. a5 h6 13. Bd2 Be7 14. Ne3 g6 15. Nf1 Nh5
16. Qc1 g5 17. h3 Nf4 18. Ng3 Nf6 19. Bf1 Bc8 20. c3 bxc3 21. Qxc3 Rb8 22. Rac1
Qb7 23. Rb1 Qa7 24. Rec1 Bd7 25. b4 cxb4 26. Rxb4 O-O 27. Be3 Qa8 28. Rcb1 Rxb4
29. Qxb4 Kh7 30. Bb6 Rc8 31. Be3 Rf8 32. Qb6 Bc8 33. Qc7 N6xd5 34. exd5 Nxd5
35. Qc2+ f5 36. Bb6 Kg7 37. Qc4 Bb7 38. Qc2 Bc8 39. Bc4 Nf4 40. Ne1 Bb7 41.
Nxf5+ Kh8 42. Nxe7 Be4 43. Qd1 Bxg2 44. Ng6+ Nxg6 45. Nxg2 Qe4 46. Bd3 Qd5 47.
Bxg6 Qe6 48. Qh5 Kg7 49. Be4 Rf6 50. Rc1 Kf8 51. Rc7 d5 52. Bxd5 Qxd5 53. Rc8+
Kg7 54. Rd8 Qb3 55. Rd7+ Kf8 56. Bc5+ 1-0

[Event "19. Obert Int. Sant Marti 2017 - B"]
[Site "Barcelona ESP"]
[Date "2017.07.20"]
[Round "8.23"]
[White "Garcia Punzano, Josep Lluis"]
[Black "Poyato Ruiz, Fernando"]
[Result "0-1"]
[WhiteElo "1683"]
[BlackElo "1863"]
[PlyCount "60"]
[EventDate "2017.07.13"]
[EventType "swiss"]
[EventRounds "9"]
[EventCountry "ESP"]
[SourceTitle "Ajedrez en Madrid"]
[Source "lmi"]
[SourceDate "2017.07.13"]
[SourceVersion "1"]
[SourceVersionDate "2019.06.21"]
[SourceQuality "1"]

1. d4 e6 2. c4 Nf6 3. Nc3 Bb4 4. e3 O-O 5. a3 Bxc3+ 6. bxc3 c5 7. Bd3 d6 8. Ne2
Nc6 9. O-O e5 10. Qc2 Re8 11. f3 b6 12. Rd1 Qe7 13. Ng3 Na5 14. Ne4 h6 15. Qa4
Ba6 16. Nxf6+ Qxf6 17. Be4 Rac8 18. Bd5 cxd4 19. cxd4 Bxc4 20. Bxc4 Nxc4 21.
Qxa7 exd4 22. Rxd4 Nxe3 23. Bxe3 Rxe3 24. Qxb6 Re2 25. Rad1 Rcc2 26. Rg4 Qe5
27. Qd8+ Kh7 28. Qh4 Qe3+ 29. Kh1 Rc1 30. Rgd4 Re1+ 0-1

[Event "19. Obert Int. Sant Marti 2017 - B"]
[Site "Barcelona ESP"]
[Date "2017.07.20"]
[Round "8.24"]
[White "Lozano Ruiz, David"]
[Black "Roche Peris, Eduard"]
[Result "1/2-1/2"]
[WhiteElo "1844"]
[BlackElo "1758"]
[PlyCount "54"]
[EventDate "2017.07.13"]
[EventType "swiss"]
[EventRounds "9"]
[EventCountry "ESP"]
[SourceTitle "Ajedrez en Madrid"]
[Source "lmi"]
[SourceDate "2017.07.13"]
[SourceVersion "1"]
[SourceVersionDate "2019.06.21"]
[SourceQuality "1"]

1. c4 c5 2. g3 Nc6 3. Bg2 Nf6 4. Nc3 g6 5. Nf3 Bg7 6. d4 cxd4 7. Nxd4 O-O 8.
O-O Nxd4 9. Qxd4 d6 10. Qd3 a6 11. Bd2 Qc7 12. Rac1 Rb8 13. Nd5 Nxd5 14. cxd5
Qd8 15. Bc3 Bf5 16. Qe3 b5 17. Bxg7 Kxg7 18. Rc6 a5 19. Rfc1 Bd7 20. Rc7 Rc8
21. Qc3+ Kg8 22. a3 Rxc7 23. Qxc7 Qc8 24. b4 axb4 25. axb4 Rd8 26. Qc3 Qxc3 27.
Rxc3 Rc8 1/2-1/2

[Event "19. Obert Int. Sant Marti 2017 - B"]
[Site "Barcelona ESP"]
[Date "2017.07.20"]
[Round "8.25"]
[White "Perez Garcia, Francisco Jose"]
[Black "Grasa Solanas, Oscar"]
[Result "0-1"]
[WhiteElo "1814"]
[BlackElo "1676"]
[PlyCount "148"]
[EventDate "2017.07.13"]
[EventType "swiss"]
[EventRounds "9"]
[EventCountry "ESP"]
[SourceTitle "Ajedrez en Madrid"]
[Source "lmi"]
[SourceDate "2017.07.13"]
[SourceVersion "1"]
[SourceVersionDate "2019.06.21"]
[SourceQuality "1"]

1. c4 e5 2. e3 Nf6 3. Nc3 Bb4 4. Qc2 O-O 5. a3 Bxc3 6. Qxc3 d5 7. cxd5 Nxd5 8.
Qc2 f5 9. Bc4 f4 10. e4 c6 11. exd5 cxd5 12. Ba2 e4 13. Ne2 f3 14. Ng3 fxg2 15.
Rg1 Nc6 16. Ne2 Bh3 17. d3 Ne5 18. dxe4 Nf3+ 19. Kd1 Nxg1 20. Nxg1 Bg4+ 21. Ke1
Be6 22. Be3 Kh8 23. Rd1 Rc8 24. Qe2 Qh4 25. exd5 Bg4 26. Rd4 Qxh2 27. f3 Bf5
28. d6 Rc1+ 29. Rd1 Rxd1+ 30. Qxd1 Qg3+ 31. Ke2 Rd8 32. Qd5 Qg6 33. Bf4 Qf6 34.
Be5 Re8 35. f4 Qh4 36. Qf7 Bg4+ 37. Nf3 Bxf3+ 38. Kd3 Be4+ 39. Kc4 Rc8+ 40. Kb4
Qh6 41. Qd7 Ra8 42. Qg4 a5+ 43. Kb5 Bc6+ 44. Kc4 b5+ 45. Kc3 Bb7 46. Bb1 Rc8+
47. Kd2 Rd8 48. Bf5 Rxd6+ 49. Bd3 Rd8 50. Ke3 g1=Q+ 51. Qxg1 Qh3+ 52. Kf2 Qh4+
53. Ke2 Qh5+ 54. Kd2 Rxd3+ 55. Kxd3 Qf3+ 56. Kc2 Be4+ 57. Kc1 Bg6 58. Qd4 Qc6+
59. Kd2 Qc2+ 60. Ke3 Qc1+ 61. Kf2 Qc2+ 62. Kg3 Qb3+ 63. Kh4 Qg8 64. Qa7 a4 65.
Kg5 Qd8+ 66. Kg4 Qd1+ 67. Kg3 Qd3+ 68. Kh4 Qd8+ 69. Kg4 h5+ 70. Kf3 Qd3+ 71.
Qe3 Be4+ 72. Kf2 Qc2+ 73. Kg3 Qg2+ 74. Kh4 Qg4# 0-1

[Event "19. Obert Int. Sant Marti 2017 - B"]
[Site "Barcelona ESP"]
[Date "2017.07.20"]
[Round "8.26"]
[White "Bieg Pagel, Clemens"]
[Black "Salazar Navas, Josep"]
[Result "1-0"]
[WhiteElo "1812"]
[BlackElo "1733"]
[PlyCount "55"]
[EventDate "2017.07.13"]
[EventType "swiss"]
[EventRounds "9"]
[EventCountry "ESP"]
[SourceTitle "Ajedrez en Madrid"]
[Source "lmi"]
[SourceDate "2017.07.13"]
[SourceVersion "1"]
[SourceVersionDate "2019.06.21"]
[SourceQuality "1"]

1. e4 d5 2. exd5 Nf6 3. d4 Nxd5 4. c4 Nb6 5. c5 Nd5 6. Bc4 g6 7. Nc3 Nxc3 8.
bxc3 Bg7 9. Ne2 O-O 10. O-O Nc6 11. a4 e5 12. d5 Na5 13. Ba2 Qh4 14. Rb1 b6 15.
Rb4 Qf6 16. c6 Ba6 17. Re1 Rad8 18. Qc2 Rfe8 19. Ng3 Qe7 20. Ne4 h6 21. Ba3 Kh7
22. Qb2 Bd3 23. Re3 Bxe4 24. Rbxe4 Qf6 25. Qe2 Qf5 26. Rf3 Qg5 27. Rxf7 Nxc6
28. h4 1-0

[Event "19. Obert Int. Sant Marti 2017 - B"]
[Site "Barcelona ESP"]
[Date "2017.07.20"]
[Round "8.27"]
[White "Recio Reyes, Sergio"]
[Black "Minko, Olga"]
[Result "1-0"]
[WhiteElo "1807"]
[BlackElo "1563"]
[PlyCount "163"]
[EventDate "2017.07.13"]
[EventType "swiss"]
[EventRounds "9"]
[EventCountry "ESP"]
[SourceTitle "Ajedrez en Madrid"]
[Source "lmi"]
[SourceDate "2017.07.13"]
[SourceVersion "1"]
[SourceVersionDate "2019.06.21"]
[SourceQuality "1"]

1. d4 d5 2. Nf3 Nf6 3. Bf4 e6 4. e3 a6 5. h3 Nbd7 6. Bd3 b5 7. a4 bxa4 8. Rxa4
c5 9. c3 Bb7 10. Nbd2 Qb6 11. Ra2 Bd6 12. Ne5 Bc7 13. Ndf3 Nxe5 14. Nxe5 c4 15.
Bc2 Nd7 16. Ba4 Bxe5 17. Bxe5 f6 18. Qg4 O-O 19. Bxd7 fxe5 20. Qxe6+ Qxe6 21.
Bxe6+ Kh8 22. Ra5 exd4 23. Bxd5 Bxd5 24. Rxd5 dxc3 25. bxc3 Rab8 26. O-O Rb3
27. Rc1 Rc8 28. Ra5 Rc6 29. Rd5 Kg8 30. Kf1 Ra3 31. e4 Kf7 32. Ke2 a5 33. Ke3
Ra2 34. Rd2 Rxd2 35. Kxd2 Rb6 36. Rc2 a4 37. Ra2 Ra6 38. Ke3 Rd6 39. Rxa4 Rd3+
40. Ke2 Rxc3 41. Kd2 Rd3+ 42. Kc2 Rd4 43. f3 Rd6 44. Kc3 Rg6 45. Ra2 Rc6 46. h4
Rh6 47. Ra7+ Kf8 48. Kxc4 Rxh4 49. Kd5 Rh2 50. Ke6 Rh6+ 51. Ke5 Rh5+ 52. Kf4
Rh4+ 53. g4 Rh6 54. e5 Rc6 55. Kf5 Rc8 56. f4 Re8 57. e6 Kg8 58. Ke5 Kf8 59.
Kd6 h6 60. f5 Rd8+ 61. Rd7 Re8 62. Kc7 Re7 63. Kc8 Re8+ 64. Rd8 Ke7 65. Rxe8+
Kxe8 66. Kc7 Ke7 67. Kc6 g6 68. Kd5 gxf5 69. gxf5 h5 70. Ke4 Kf6 71. Kf4 h4 72.
Kg4 h3 73. Kxh3 Ke7 74. Kg4 Kf6 75. Kf4 Ke7 76. Ke5 Ke8 77. Kd6 Kd8 78. f6 Ke8
79. f7+ Kf8 80. Kd7 Kg7 81. Ke8 Kg6 82. f8=Q 1-0

[Event "19. Obert Int. Sant Marti 2017 - B"]
[Site "Barcelona ESP"]
[Date "2017.07.20"]
[Round "8.28"]
[White "Robaina Bordon, Hector"]
[Black "Low, Ethan"]
[Result "1/2-1/2"]
[WhiteElo "1805"]
[BlackElo "1643"]
[PlyCount "84"]
[EventDate "2017.07.13"]
[EventType "swiss"]
[EventRounds "9"]
[EventCountry "ESP"]
[SourceTitle "Ajedrez en Madrid"]
[Source "lmi"]
[SourceDate "2017.07.13"]
[SourceVersion "1"]
[SourceVersionDate "2019.06.21"]
[SourceQuality "1"]

1. d4 Nf6 2. Nf3 e6 3. Bf4 b6 4. e3 Bb7 5. Bd3 Be7 6. Nbd2 d6 7. c3 Nbd7 8. Qe2
a6 9. h3 O-O 10. Rg1 Nh5 11. Bh2 g6 12. g4 Ng7 13. O-O-O b5 14. Kb1 c5 15. h4
c4 16. Bc2 d5 17. h5 b4 18. Ka1 Qa5 19. cxb4 Bxb4 20. Nb1 c3 21. Bb3 Rac8 22.
Rc1 Nb6 23. hxg6 hxg6 24. bxc3 Bxc3+ 25. Rxc3 Rxc3 26. Nxc3 Qxc3+ 27. Qb2 Qxb2+
28. Kxb2 Rc8 29. Rc1 Ne8 30. Rxc8 Nxc8 31. Ne5 Ned6 32. f3 Kg7 33. Kc2 Ne8 34.
Nd7 Ncd6 35. Be5+ Kg8 36. Nc5 Bc8 37. Kc3 a5 38. Ba4 f6 39. Bg3 Kf7 40. e4 dxe4
41. fxe4 f5 42. gxf5 gxf5 1/2-1/2

[Event "19. Obert Int. Sant Marti 2017 - B"]
[Site "Barcelona ESP"]
[Date "2017.07.20"]
[Round "8.29"]
[White "Bes Alvarez, Alex"]
[Black "Martinez Buendia, Andres"]
[Result "1/2-1/2"]
[WhiteElo "1620"]
[BlackElo "1804"]
[PlyCount "104"]
[EventDate "2017.07.13"]
[EventType "swiss"]
[EventRounds "9"]
[EventCountry "ESP"]
[SourceTitle "Ajedrez en Madrid"]
[Source "lmi"]
[SourceDate "2017.07.13"]
[SourceVersion "1"]
[SourceVersionDate "2019.06.21"]
[SourceQuality "1"]

1. d4 Nf6 2. Bg5 g6 3. Bxf6 exf6 4. g3 d5 5. Bg2 c6 6. e3 Bg7 7. Nd2 Be6 8. Ne2
Nd7 9. c4 dxc4 10. Qc2 Nb6 11. Nf4 Qd6 12. Nxe6 fxe6 13. Nxc4 Qb4+ 14. Nd2 O-O
15. O-O Rad8 16. a3 Qe7 17. Ne4 Nd7 18. Qb3 f5 19. Nc3 Nb6 20. Ne2 g5 21. Rfd1
Qf7 22. Rac1 Rd7 23. a4 e5 24. Qxf7+ Rfxf7 25. a5 Nd5 26. a6 e4 27. axb7 Rxb7
28. Rxc6 Rxb2 29. Bf1 Nb4 30. Rc8+ Rf8 31. Rxf8+ Kxf8 32. Ra1 Na2 33. g4 f4 34.
exf4 gxf4 35. Nxf4 Rc2 36. Ne6+ Kf7 37. Nxg7 Kxg7 38. Bg2 Rc1+ 39. Rxc1 Nxc1
40. Bxe4 Ne2+ 41. Kg2 Nxd4 42. h4 a5 43. Bb1 a4 44. f4 Ne2 45. Kf3 Nc3 46. Bf5
a3 47. Be6 a2 48. Bxa2 Nxa2 49. g5 Nc3 50. f5 Nb5 51. Kg4 Nd6 52. h5 h6 1/2-1/2

[Event "19. Obert Int. Sant Marti 2017 - B"]
[Site "Barcelona ESP"]
[Date "2017.07.20"]
[Round "8.31"]
[White "Hebert, Floriane"]
[Black "Prieto Velasco, Rafael"]
[Result "0-1"]
[WhiteElo "1567"]
[BlackElo "1772"]
[PlyCount "76"]
[EventDate "2017.07.13"]
[EventType "swiss"]
[EventRounds "9"]
[EventCountry "ESP"]
[SourceTitle "Ajedrez en Madrid"]
[Source "lmi"]
[SourceDate "2017.07.13"]
[SourceVersion "1"]
[SourceVersionDate "2019.06.21"]
[SourceQuality "1"]

1. e4 e6 2. d4 d5 3. exd5 exd5 4. Nf3 Nf6 5. Bd3 c5 6. dxc5 Bxc5 7. O-O O-O 8.
Nc3 h6 9. h3 Nc6 10. Bf4 a6 11. Ne2 Ne4 12. Bxe4 dxe4 13. Qxd8 Rxd8 14. Nd2 f5
15. Nb3 Bb6 16. c3 Be6 17. Rfd1 Bxb3 18. axb3 Kf7 19. Be3 Bxe3 20. fxe3 g6 21.
Kf2 Ne5 22. Kf1 Nd3 23. Rab1 g5 24. Nd4 Kf6 25. Ke2 f4 26. Rf1 Ke5 27. Ra1 Rd5
28. Ra2 Rf8 29. b4 Kf6 30. c4 Rdd8 31. Ra5 Rde8 32. g3 Kg6 33. gxf4 gxf4 34.
Rg1+ Kh7 35. b5 fxe3 36. bxa6 bxa6 37. Rxa6 Re7 38. Rgg6 Nf4+ 0-1

[Event "19. Obert Int. Sant Marti 2017 - B"]
[Site "Barcelona ESP"]
[Date "2017.07.20"]
[Round "8.32"]
[White "Fabregas Fontanet, Antonio"]
[Black "Anjali, R. Sagar"]
[Result "0-1"]
[WhiteElo "1903"]
[BlackElo "1724"]
[PlyCount "59"]
[EventDate "2017.07.13"]
[EventType "swiss"]
[EventRounds "9"]
[EventCountry "ESP"]
[SourceTitle "Ajedrez en Madrid"]
[Source "lmi"]
[SourceDate "2017.07.13"]
[SourceVersion "1"]
[SourceVersionDate "2019.06.21"]
[SourceQuality "1"]

1. e4 e5 2. Nf3 Nc6 3. d4 exd4 4. Nxd4 Bc5 5. c3 Qf6 6. Be3 Nge7 7. Nc2 Bb6 8.
Be2 d6 9. Nd2 Ng6 10. Nf3 Nf4 11. Bxf4 Qxf4 12. Qd3 Ne5 13. Nxe5 Bxf2+ 14. Kd1
Qxe5 15. Nd4 Bxd4 16. cxd4 Qe7 17. Bf3 O-O 18. d5 Bd7 19. g4 Qe5 20. Qd2 c5 21.
Rc1 b5 22. Rf1 a5 23. h3 a4 24. Rf2 b4 25. Be2 Qxe4 26. Bd3 Qh1+ 27. Bf1 Bb5
28. Kc2 Qe4+ 29. Kd1 Bxf1 30. Rxf1 0-1

[Event "19. Obert Int. Sant Marti 2017 - B"]
[Site "Barcelona ESP"]
[Date "2017.07.20"]
[Round "8.33"]
[White "Molina Hernandez, Albert"]
[Black "Escofet Llongueras, Joan"]
[Result "1-0"]
[WhiteElo "1840"]
[BlackElo "1676"]
[PlyCount "51"]
[EventDate "2017.07.13"]
[EventType "swiss"]
[EventRounds "9"]
[EventCountry "ESP"]
[SourceTitle "Ajedrez en Madrid"]
[Source "lmi"]
[SourceDate "2017.07.13"]
[SourceVersion "1"]
[SourceVersionDate "2019.06.21"]
[SourceQuality "1"]

1. e4 e6 2. d3 d5 3. Nd2 c5 4. g3 Nc6 5. Bg2 Nf6 6. Ngf3 Be7 7. O-O O-O 8. Re1
dxe4 9. dxe4 e5 10. c3 h6 11. Qc2 Be6 12. Nf1 Bc4 13. Rd1 Qc7 14. Ne3 Be6 15.
Nd5 Bxd5 16. exd5 Na5 17. b3 Rfd8 18. Nh4 Bd6 19. Nf5 b6 20. c4 Nb7 21. g4 Nxg4
22. Qe4 Nf6 23. Qh4 Qd7 24. Bh3 Qe8 25. Kh1 Be7 26. Rg1 1-0